000 01225nam a22003257a 4500
003 URS
005 20250313162358.0
008 250220b |||||||| |||| 00| 0 eng d
020 _a9789718219959
040 _beng
_cURS
_dURS
_erda
050 0 _aP 92.P6
_bK8374 2022
100 1 _aBernales, Rolando A.,
_eauthor
245 1 0 _aKontekstwalisadong komunikasyon sa Filipino /
_cRolando A. Bernales, Reynele Bren G. Zafra, Elimar A. Ravina, Marilou S. Matilla, Jennifer S. Hernandez, Emeliza T. Cruz.
264 1 _aMalabon City :
_bMutya Publishing House, Inc.,
_c[2022]
264 4 _c© 2022
300 _avi, 187 pages :
_billustrations ;
_c25cm
336 _2rdacontent
_atext
_btxt
337 _2rdamedia
_aunmediated
_bn
338 _2rdacarrier
_avolume
_bnc
504 _aIncludes bibliographical references.
650 0 _aCommunication
_xStudy and teaching
_xPhilippines
650 0 _aFilipino language
_xUsage and style
700 1 _aZafra, Reynele Bren G.,
_eauthor
700 1 _aRavina, Elimar A.,
_eauthor
700 1 _aMatilla, Marilou S.,
_eauthor
700 1 _aHernandez, Jennifer S.,
_eauthor
700 1 _aCruz, Emeliza T.,
_eauthor
710 2 _aMutya Publishing House, Inc.,
_epublisher
942 _2lcc
_cF
999 _c82288
_d82287